000 00279nam a2200121Ia 4500
005 20251222154402.0
008 251222s9999||||xx |||||||||||||| ||spa||
020 _a84-7561-046-3
082 _a848.8/V53I
100 _a"Verne, Julio"
245 0 _aLa isla milagrosa
942 _cLIB
999 _c35342
_d35342